[Event "Ch Hungary"]
[Site "Budapest (Hungary)"]
[Round "10"]
[White "Navarovszky Laszlo (HUN)"]
[Black "Dely Peter (HUN)"]
[Result "1/2-1/2"]
[WhiteElo "2280"]
[BlackElo "2391"]

1.d4 Nf6 2.Nf3 g6 3.g3 Bg7 4.Bg2 O-O 5.O-O c5 6.c4 Nc6 7.Nc3 cxd4 8.Nxd4 Qa5
9.Ncb5 a6 10.Nb3 Qd8 11.N5d4 Nxd4 12.Nxd4 d5 13.cxd5 Nxd5 {#d} 1/2-1/2

[Event "It (juniors)"]
[Site "Bamberg (Germany)"]
[Round "7"]
[White "Kestler Hans-Guenther (GER)"]
[Black "Parma Bruno (SLO)"]
[Result "1/2-1/2"]
[WhiteElo "2323"]
[BlackElo "2480"]

1.c4 Nf6 2.Nc3 c5 3.g3 g6 4.Bg2 Bg7 5.Nf3 Nc6 6.O-O O-O 7.d4 cxd4 8.Nxd4 Nxd4
9.Qxd4 d6 10.Qd2 Rb8 11.b3 Be6 12.Bb2 Qa5 13.Rfd1 Rfc8 14.Nd5 Qxd2 15.Rxd2
Nxd5 16.Bxg7 Kxg7 17.Bxd5 Rc5 {#d} 1/2-1/2

[Event "Memorial M.Chigorin"]
[Site "Sochi (Russia)"]
[Round "0"]
[White "Antoshin Vladimir S (RUS)"]
[Black "Bertok Mario (CRO)"]
[Result "1/2-1/2"]
[WhiteElo "2250"]
[BlackElo "2282"]

1.d4 Nf6 2.c4 g6 3.g3 c5 4.Nf3 Bg7 5.Bg2 Nc6 6.O-O O-O 7.Nc3 cxd4 8.Nxd4 Nxd4
9.Qxd4 d6 10.Qd2 Be6 11.Bxb7 Rb8 12.Bd5 Nxd5 13.Nxd5 Qd7 14.e4 f5 15.Re1 Rf7
16.Qe2 fxe4 17.Qxe4 Be5 18.Qh4 Bxd5 {#d} 1/2-1/2

[Event "Ch CSR Amy"]
[Site "Prague (Czech Republic)"]
[Round "16"]
[White "Vodicka Vlastimil (CZE)"]
[Black "Cibulka Vladimir (SVK)"]
[Result "1/2-1/2"]
[WhiteElo "2086"]
[BlackElo "2278"]

1.Nf3 Nf6 2.c4 c5 3.g3 g6 4.Bg2 Bg7 5.O-O Nc6 6.Nc3 O-O 7.d4 cxd4 8.Nxd4 Nxd4
9.Qxd4 d6 10.Qd2 Be6 11.b3 d5 12.Ba3 dxc4 13.Qxd8 Rfxd8 14.bxc4 Rd7 15.Rab1
Rb8 16.c5 {#d} 1/2-1/2

[Event "Ch Romania"]
[Site "Bucharest (Romania)"]
[Round "19"]
[White "Fischer Johann (GER)"]
[Black "Buza Adrian (ROM)"]
[Result "1/2-1/2"]
[WhiteElo "2274"]
[BlackElo "2241"]

1.Nf3 Nf6 2.g3 g6 3.Bg2 Bg7 4.O-O O-O 5.c4 c5 6.Nc3 Nc6 7.d4 cxd4 8.Nxd4 Nxd4
9.Qxd4 d6 10.Qd2 Qa5 {#d} 1/2-1/2

[Event "Ch Hungary"]
[Site "Budapest (Hungary)"]
[Round "0"]
[White "Pogats Jozsef (HUN)"]
[Black "Adorjan Andras (HUN)"]
[Result "1/2-1/2"]
[WhiteElo "2230"]
[BlackElo "2504"]

1.Nf3 c5 2.c4 g6 3.Nc3 Bg7 4.g3 Nc6 5.Bg2 Nf6 6.O-O O-O 7.d4 cxd4 8.Nxd4 Qa5
9.Nc2 Qh5 10.e4 Qxd1 11.Rxd1 d6 12.b3 Bg4 13.f3 Be6 14.Bb2 Nd7 15.Na4 Bxb2
16.Nxb2 Nc5 17.Nd3 Nxd3 18.Rxd3 a5 19.a4 {#d} 1/2-1/2

[Event "It"]
[Site "Buesum (Germany)"]
[Round "6"]
[White "O'kelly De Galway Alberic (BEL)"]
[Black "Damjanovic Mato (CRO)"]
[Result "1/2-1/2"]
[WhiteElo "2460"]
[BlackElo "2303"]

1.c4 Nf6 2.Nc3 g6 3.g3 Bg7 4.Bg2 c5 5.Nf3 Nc6 6.O-O O-O 7.d4 cxd4 8.Nxd4 Nxd4
9.Qxd4 d6 10.Qd3 a6 11.Bd2 Rb8 12.Rac1 Be6 13.b3 Qd7 14.Nd5 Bxd5 15.cxd5 Rfc8
{#d} 1/2-1/2

[Event "Ch Yugoslavia"]
[Site "Novi Travnik (Yugoslavia)"]
[Round "3"]
[White "Marangunic Srdjan (CRO)"]
[Black "Parma Bruno (SLO)"]
[Result "1/2-1/2"]
[WhiteElo "2369"]
[BlackElo "2480"]

1.g3 c5 2.Bg2 Nc6 3.Nf3 g6 4.O-O Bg7 5.c4 Nf6 6.Nc3 O-O 7.d4 cxd4 8.Nxd4 Nxd4
9.Qxd4 d6 10.Qd3 a6 11.Bd2 Rb8 12.Rac1 Be6 {#d} 1/2-1/2

[Event "Ch Argentina"]
[Site "Buenos Aires (Argentina)"]
[Round "0"]
[White "Eliskases Erich G (AUT)"]
[Black "Garcia Horacio"]
[Result "1/2-1/2"]
[WhiteElo "2430"]
[BlackElo "2200"]

1.Nf3 Nf6 2.c4 c5 3.g3 g6 4.Bg2 Bg7 5.O-O O-O 6.Nc3 Nc6 7.d4 cxd4 8.Nxd4 Nxd4
9.Qxd4 d6 10.Qd2 Be6 11.Bxb7 Rb8 12.Bg2 Bxc4 13.b3 Be6 14.Bb2 Qa5 15.Rfd1 Rfc8
16.e4 {#d} 1/2-1/2

[Event "It"]
[Site "Sarajevo (Bosnia & Herzegovina)"]
[Round "13"]
[White "Messing Hrvoje (CRO)"]
[Black "Janosevic Dragoljub (YUG)"]
[Result "1/2-1/2"]
[WhiteElo "2390"]
[BlackElo "2450"]

1.Nf3 Nf6 2.g3 g6 3.Bg2 Bg7 4.O-O O-O 5.c4 c5 6.Nc3 Nc6 7.d4 cxd4 8.Nxd4 Nxd4
9.Qxd4 d6 10.e4 Be6 11.Qd3 Rc8 12.b3 Nd7 13.Bb2 a6 14.Rac1 Qa5 15.Rfd1 Qh5
{#d} 1/2-1/2

[Event "Olympiad"]
[Site "Skopje (Macedonia)"]
[Round "6"]
[White "Timman Jan H (NED)"]
[Black "Adhami Vangjel (ALB)"]
[Result "1/2-1/2"]
[WhiteElo "2480"]
[BlackElo "2250"]

1.Nf3 c5 2.c4 Nc6 3.g3 g6 4.Bg2 Bg7 5.O-O Nf6 6.Nc3 O-O 7.d4 cxd4 8.Nxd4 Nxd4
9.Qxd4 d6 10.b3 Nd7 11.Qd3 {#d} 1/2-1/2

[Event "Olympiad"]
[Site "Nice (France)"]
[Round "0"]
[White "Doda Zbigniew (POL)"]
[Black "Lombard Andre (SUI)"]
[Result "1/2-1/2"]
[WhiteElo "2410"]
[BlackElo "2410"]

1.Nf3 Nf6 2.g3 c5 3.Bg2 g6 4.c4 Nc6 5.Nc3 Bg7 6.O-O O-O 7.d4 cxd4 8.Nxd4 Nxd4
9.Qxd4 d6 10.Qd3 Bf5 11.e4 Be6 12.Bd2 Nd7 13.b3 a6 14.a4 Nc5 15.Qc2 a5 16.Rad1
Qb6 17.Nb5 Bg4 18.Rde1 Rae8 19.Bc3 {#d} 1/2-1/2

[Event "Ch Poland"]
[Site "Bydgoszcz (Poland)"]
[Round "13"]
[White "Marszalek Rafal (POL)"]
[Black "Doda Zbigniew (POL)"]
[Result "1/2-1/2"]
[WhiteElo "2200"]
[BlackElo "2405"]

1.c4 c5 2.Nc3 Nf6 3.Nf3 g6 4.g3 Bg7 5.Bg2 Nc6 6.O-O O-O 7.d4 cxd4 8.Nxd4 Nxd4
9.Qxd4 d6 10.Qd3 a6 11.Bd2 Bf5 12.e4 Be6 13.b3 Nd7 14.Rac1 Nc5 15.Qe2 b5
16.Nd5 bxc4 17.bxc4 {#d} 1/2-1/2

[Event "Ch DDR"]
[Site "Groditz (Germany)"]
[Round "8"]
[White "Liebert Heinz (GER)"]
[Black "Boensch Uwe (GER)"]
[Result "1/2-1/2"]
[WhiteElo "2247"]
[BlackElo "2365"]

1.c4 Nf6 2.Nf3 g6 3.Nc3 Bg7 4.g3 O-O 5.Bg2 c5 6.O-O Nc6 7.d4 cxd4 8.Nxd4 Nxd4
9.Qxd4 d6 10.Qd3 Qa5 {#d} 1/2-1/2

[Event "Olympiad"]
[Site "Haifa (Israel)"]
[Round "10"]
[White "Pomar Salamanca Arturo (ESP)"]
[Black "Silva Sanchez Carlos (CHI)"]
[Result "1/2-1/2"]
[WhiteElo "2430"]
[BlackElo "2372"]

1.c4 Nf6 2.Nc3 c5 3.Nf3 Nc6 4.g3 g6 5.Bg2 Bg7 6.O-O O-O 7.d4 cxd4 8.Nxd4 Qa5
9.Nb3 Qh5 10.e4 Qxd1 11.Rxd1 d6 12.c5 dxc5 13.Nxc5 e5 14.h3 b6 15.Nb3 Nb4
16.Bg5 h6 17.Bxf6 Bxf6 18.a3 Be6 {#d} 1/2-1/2

[Event "Olympiad (w)"]
[Site "Haifa (Israel)"]
[Round "10"]
[White "Herstein Ruth (USA)"]
[Black "Kristol Luba (ISR)"]
[Result "1/2-1/2"]
[WhiteElo "2170"]
[BlackElo "2233"]

1.Nf3 Nf6 2.g3 c5 3.c4 g6 4.Bg2 Bg7 5.Nc3 Nc6 6.O-O O-O 7.d4 cxd4 8.Nxd4 Nxd4
9.Qxd4 d6 10.Qd3 Qa5 11.Nd5 Nxd5 12.Bxd5 Bf5 13.Be4 Rac8 14.Bxf5 Qxf5 15.Bd2
Qxd3 16.exd3 d5 17.Rae1 dxc4 18.dxc4 {#d} 1/2-1/2

[Event "Memorial Parcetic"]
[Site "Sombor (Yugoslavia)"]
[Round "12"]
[White "Benko Pal C (USA)"]
[Black "Jansa Vlastimil (CZE)"]
[Result "1/2-1/2"]
[WhiteElo "2480"]
[BlackElo "2490"]

1.Nf3 Nf6 2.c4 g6 3.Nc3 c5 4.g3 Bg7 5.Bg2 O-O 6.O-O Nc6 7.d4 cxd4 8.Nxd4 Nxd4
9.Qxd4 d6 10.Qd3 Bf5 11.e4 Be6 12.Bd2 a6 13.b3 Nd7 14.Qe2 {#d} 1/2-1/2

[Event "It"]
[Site "Biel (Switzerland)"]
[Round "9"]
[White "Flesch Janos"]
[Black "Hernandez Roman (CUB)"]
[Result "1/2-1/2"]
[WhiteElo "2450"]
[BlackElo "2435"]

1.Nf3 c5 2.c4 g6 3.g3 Bg7 4.Bg2 Nc6 5.Nc3 Nf6 6.O-O O-O 7.d4 cxd4 8.Nxd4 Nxd4
9.Qxd4 d6 10.Qd3 Qa5 11.Nb5 Bf5 12.e4 Be6 13.Nd4 Bd7 14.f3 Rac8 15.Be3 Qa6
{#d} 1/2-1/2

[Event "It (open)"]
[Site "Brilon (Germany)"]
[Round "7"]
[White "Fijalkowski Marek (POL)"]
[Black "Hook W (IVB)"]
[Result "1-0"]
[WhiteElo "2260"]
[BlackElo "2009"]

1.c4 Nf6 2.Nc3 g6 3.g3 c5 4.Bg2 Bg7 5.Nf3 Nc6 6.O-O O-O 7.d4 d5 8.dxc5 dxc4
9.Qa4 Qa5 10.Qxc4 Be6 11.Qb5 Qxb5 12.Nxb5 Bc4 13.Nc3 Nd7 14.Nd2 Ba6 15.Nde4
Rad8 16.Be3 Nd4 17.Rac1 Bxe2 18.Bxd4 {#r} 1-0

[Event "Ch DDR"]
[Site "Eggesin (Germany)"]
[Round "11"]
[White "Espig Lutz (GER)"]
[Black "Espig Thomas (GER)"]
[Result "1/2-1/2"]
[WhiteElo "2470"]
[BlackElo "2227"]

1.Nf3 c5 2.g3 Nc6 3.Bg2 g6 4.c4 Bg7 5.O-O Nf6 6.Nc3 O-O 7.d4 cxd4 8.Nxd4 Nxd4
9.Qxd4 d6 10.Qd3 a6 11.Bd2 Rb8 12.Rac1 Be6 13.b3 {#d} 1/2-1/2

[Event "Ch DDR (w)"]
[Site "Torgelow (Germany)"]
[Round "11"]
[White "Seils Gudula (GER)"]
[Black "Jahn Constanze (GER)"]
[Result "1/2-1/2"]
[WhiteElo "2065"]
[BlackElo "2139"]

1.c4 c5 2.Nc3 Nc6 3.g3 g6 4.Bg2 Bg7 5.Nf3 Nf6 6.O-O O-O 7.d4 d5 8.dxc5 dxc4
9.Bf4 Bf5 10.Qxd8 Rfxd8 11.Rfd1 {#d} 1/2-1/2

[Event "Memorial Sigurd Svedenborg"]
[Site "Narvik (Norway)"]
[Date "1979.08.25"]
[Round "1"]
[White "Jensen Stein (NOR)"]
[Black "Pytel Krzysztof (FRA)"]
[Result "1/2-1/2"]
[WhiteElo "2079"]
[BlackElo "2305"]

1.c4 Nf6 2.Nf3 c5 3.g3 Nc6 4.Bg2 g6 5.O-O Bg7 6.d4 O-O 7.Nc3 cxd4 8.Nxd4 Nxd4
9.Qxd4 d6 10.Qh4 Rb8 11.Bh6 Be6 12.Bxg7 Kxg7 13.Qd4 Qc7 14.b3 Qc5 15.Qxc5 dxc5
16.Rfd1 {#d} 1/2-1/2

[Event "Ch Australia"]
[Site "Adelaide (Australia)"]
[Date "1980.01.07"]
[Round "10"]
[White "Kloostra Juan"]
[Black "Parr Peter"]
[Result "1/2-1/2"]
[WhiteElo "2090"]
[BlackElo "2075"]

1.Nf3 g6 2.g3 Bg7 3.Bg2 Nf6 4.O-O O-O 5.c4 c5 6.Nc3 Nc6 7.d4 cxd4 8.Nxd4 Nxd4
9.Qxd4 d6 10.b3 Ne4 11.Qxe4 Bxc3 12.Bh6 Bxa1 13.Bxf8 Bf6 14.Bh6 Rb8 15.Qc2 Bf5
16.e4 Bd7 17.Be3 Qa5 18.Rd1 Be6 {#d} 1/2-1/2

[Event "It"]
[Site "Ljubljana (Slovenia)"]
[Round "0"]
[White "Forintos Gyozo V (HUN)"]
[Black "Danner Georg (AUT)"]
[Result "1/2-1/2"]
[WhiteElo "2460"]
[BlackElo "2410"]

1.c4 c5 2.Nc3 Nc6 3.g3 g6 4.Bg2 Bg7 5.Nf3 Nf6 6.O-O O-O 7.d4 cxd4 8.Nxd4 Ng4
9.e3 d6 10.b3 Bd7 11.Bb2 Qa5 {#d} 1/2-1/2

[Event "It (open)"]
[Site "Caorle (Italy)"]
[Round "1"]
[White "Paladini Jean-Michel (SUI)"]
[Black "Vujanovic Tatjana (SRB)"]
[Result "1/2-1/2"]
[WhiteElo "2068"]
[BlackElo "2075"]

1.c4 g6 2.Nc3 Bg7 3.g3 c5 4.Bg2 Nc6 5.Nf3 Nf6 6.O-O O-O 7.d4 cxd4 8.Nxd4 Nxd4
9.Qxd4 d6 10.Bg5 a6 11.Rac1 Rb8 12.Qd2 b5 13.cxb5 axb5 14.b4 Be6 {#d} 1/2-1/2

[Event "It (open)"]
[Site "Gausdal (Norway)"]
[Round "0"]
[White "Helmers Knut J (NOR)"]
[Black "Iskov Gert (DEN)"]
[Result "1/2-1/2"]
[WhiteElo "2425"]
[BlackElo "2345"]

1.Nf3 g6 2.d4 Nf6 3.c4 Bg7 4.g3 O-O 5.Bg2 c5 6.O-O Nc6 7.Nc3 cxd4 8.Nxd4 Ng4
9.e3 d6 10.b3 Nxd4 11.exd4 Nh6 12.Bb2 Nf5 13.Nd5 Bd7 14.Re1 Bc6 15.Ne3 Nxe3
16.Rxe3 Bxg2 17.Kxg2 a6 18.Qe2 {#d} 1/2-1/2

[Event "Ch Bayern"]
[Site "Bayern (Germany)"]
[Round "0"]
[White "Kestler Hans-Guenther (GER)"]
[Black "Rosenberger Berthold (GER)"]
[Result "1/2-1/2"]
[WhiteElo "2323"]
[BlackElo "2217"]

1.Nf3 Nf6 2.c4 g6 3.g3 Bg7 4.Bg2 c5 5.O-O Nc6 6.Nc3 O-O 7.d4 cxd4 8.Nxd4 Nxd4
9.Qxd4 d6 10.Bd2 Be6 11.Qd3 Qc8 12.Nd5 Nxd5 13.cxd5 Bf5 14.e4 Bd7 15.Rac1 Qd8
16.Bc3 Bxc3 17.Qxc3 Qb6 18.Qc7 Qb5 {#d} 1/2-1/2

[Event "It (cat.7)"]
[Site "Barcelona (Spain)"]
[Round "0"]
[White "Sunye Neto Jaime (BRA)"]
[Black "Hernandez Roman (CUB)"]
[Result "1/2-1/2"]
[WhiteElo "2486"]
[BlackElo "2460"]

1.Nf3 c5 2.g3 g6 3.Bg2 Bg7 4.O-O Nf6 5.c4 O-O 6.Nc3 Nc6 7.d4 cxd4 8.Nxd4 Nxd4
9.Qxd4 d6 10.Qd3 Qa5 11.Bd2 Qh5 12.f3 Be6 13.b3 a6 14.Rac1 Bh3 15.Bxh3 Qxh3
16.Nd5 {#d} 1/2-1/2

[Event "It"]
[Site "Nuoro (Italy)"]
[Round "0"]
[White "Klaric Zlatko (CRO)"]
[Black "Martinovic Slobodan (SRB)"]
[Result "1/2-1/2"]
[WhiteElo "2460"]
[BlackElo "2415"]

1.c4 c5 2.Nc3 Nc6 3.g3 g6 4.Bg2 Bg7 5.Nf3 Nf6 6.O-O O-O 7.d4 cxd4 8.Nxd4 Nxd4
9.Qxd4 d6 10.Qd2 a6 11.b3 Qa5 12.Bb2 Rb8 {#d} 1/2-1/2

[Event "It"]
[Site "Myslowice (Poland)"]
[Round "6"]
[White "Ivanov Spiridon (BUL)"]
[Black "Grosar Aljosa (SLO)"]
[Result "1/2-1/2"]
[WhiteElo "2367"]
[BlackElo "2408"]

1.Nf3 Nf6 2.c4 c5 3.Nc3 Nc6 4.g3 g6 5.Bg2 Bg7 6.O-O O-O 7.d4 cxd4 8.Nxd4 a6
9.Bg5 Qa5 10.Nxc6 dxc6 11.Bd2 Qc7 12.Qc2 Be6 13.b3 Rfd8 14.Rad1 h6 15.Bf4 Qa5
16.Bd2 Qc7 17.Bf4 Qa5 18.Bd2 {#d} 1/2-1/2

[Event "Ch Brazil"]
[Site "Garanhuns (Brazil)"]
[Round "8"]
[White "De Toledo James Mann (BRA)"]
[Black "Gentil Luiz Jr (BRA)"]
[Result "1/2-1/2"]
[WhiteElo "2388"]
[BlackElo "2215"]

1.Nf3 Nf6 2.g3 g6 3.Bg2 Bg7 4.O-O O-O 5.c4 c5 6.Nc3 Nc6 7.d4 cxd4 8.Nxd4 Nxd4
9.Qxd4 d6 10.Qd3 a6 11.Rd1 Bf5 12.e4 Bg4 13.f3 Be6 14.Be3 Qa5 15.Rab1 b5
16.cxb5 axb5 {#d} 1/2-1/2

[Event "It"]
[Site "Lauda (Germany)"]
[Round "8"]
[White "Loeffler Stefan (GER)"]
[Black "Kettner Juergen (GER)"]
[Result "1/2-1/2"]
[WhiteElo "2424"]
[BlackElo "2267"]

1.Nf3 c5 2.g3 Nf6 3.Bg2 g6 4.O-O Bg7 5.c4 O-O 6.Nc3 Nc6 7.d4 cxd4 8.Nxd4 Nxd4
9.Qxd4 d6 10.Qd2 Be6 11.Bxb7 Rb8 12.Bg2 Bxc4 13.b3 Be6 14.Bb2 Qa5 15.Rfd1 Qh5
16.Ne4 {#d} 1/2-1/2

[Event "Ch BRD (juniors) (under 17)"]
[Site "Buende (Germany)"]
[Round "6"]
[White "Upleger Martin (GER)"]
[Black "Meins Gerlef (GER)"]
[Result "1/2-1/2"]
[WhiteElo "2283"]
[BlackElo "2490"]

1.c4 g6 2.Nc3 c5 3.g3 Bg7 4.Bg2 Nc6 5.Nf3 Nf6 6.O-O O-O 7.d4 cxd4 8.Nxd4 Nxd4
9.Qxd4 d6 10.Qd2 Be6 11.b3 Qd7 12.Rd1 Rac8 13.Bb2 h5 14.Rac1 b6 15.Nd5 Nxd5
16.cxd5 Bg4 17.Bxg7 Kxg7 18.Rc6 Qb7 19.Rdc1 {#d} 1/2-1/2

[Event "It"]
[Site "Rio de Janeiro (Brazil)"]
[Round "1"]
[White "Ricardi Pablo (ARG)"]
[Black "Szmetan Jorge (ARG)"]
[Result "1/2-1/2"]
[WhiteElo "2445"]
[BlackElo "2390"]

1.Nf3 Nf6 2.c4 c5 3.g3 g6 4.Bg2 Bg7 5.O-O O-O 6.Nc3 Nc6 7.d4 cxd4 8.Nxd4 Nxd4
9.Qxd4 d6 10.Qd3 Bf5 11.e4 Be6 {#d} 1/2-1/2

[Event "Ch Bulgaria (w)"]
[Site "Sofia (Bulgaria)"]
[Round "4"]
[White "Genova Ruzka (BUL)"]
[Black "Gocheva Rumiana B (BUL)"]
[Result "1/2-1/2"]
[WhiteElo "2195"]
[BlackElo "2152"]

1.Nf3 Nf6 2.g3 g6 3.Bg2 Bg7 4.O-O O-O 5.c4 c5 6.Nc3 Nc6 7.d4 cxd4 8.Nxd4 Nxd4
9.Qxd4 d6 10.Qd3 Nd7 11.b3 Rb8 12.Bb2 a6 13.Rab1 Ne5 {#d} 1/2-1/2

[Event "Ch Bulgaria"]
[Site "Bulgaria"]
[Round "-51"]
[White "Radulov Ivan (BUL)"]
[Black "Velikov Petar (BUL)"]
[Result "1/2-1/2"]
[WhiteElo "2306"]
[BlackElo "2485"]

1.c4 Nf6 2.Nc3 c5 3.g3 g6 4.Bg2 Bg7 5.Nf3 O-O 6.O-O Nc6 7.d4 cxd4 8.Nxd4 Nxd4
9.Qxd4 d6 10.Qd2 a6 11.b3 Rb8 12.Bb2 Be6 13.Nd5 Nxd5 14.Bxg7 Kxg7 15.Bxd5 Bxd5
16.cxd5 Qd7 17.Rac1 Rfc8 {#d} 1/2-1/2

[Event "It"]
[Site "Frankfurt (Germany)"]
[Round "9"]
[White "Kertesz Alfred (GER)"]
[Black "Doery Jeno (HUN)"]
[Result "1/2-1/2"]
[WhiteElo "2271"]
[BlackElo "2276"]

1.Nf3 Nf6 2.g3 g6 3.Bg2 Bg7 4.O-O O-O 5.c4 c5 6.Nc3 Nc6 7.d4 cxd4 8.Nxd4 Nxd4
9.Qxd4 d6 10.Qd3 a6 11.e4 Rb8 12.Rd1 Bg4 13.f3 Bd7 {#d} 1/2-1/2

[Event "Ch Hungary"]
[Site "Budapest (Hungary)"]
[Round "15"]
[White "Horvath Csaba (HUN)"]
[Black "Petran Pal (HUN)"]
[Result "1/2-1/2"]
[WhiteElo "2445"]
[BlackElo "2384"]

1.c4 Nf6 2.Nc3 c5 3.g3 g6 4.Bg2 Bg7 5.Nf3 Nc6 6.O-O O-O 7.d4 cxd4 8.Nxd4 Ng4
9.e3 d6 10.h3 Nh6 11.Nde2 Nf5 12.b3 Bd7 13.Bb2 Rb8 {#d} 1/2-1/2

[Event "It"]
[Site "Frunze (Kyrgyzstan)"]
[Round "0"]
[White "Teske Henrik (GER)"]
[Black "Makarichev Sergey (RUS)"]
[Result "1/2-1/2"]
[WhiteElo "2547"]
[BlackElo "2510"]

1.Nf3 Nf6 2.g3 c5 3.Bg2 g6 4.O-O Bg7 5.c4 O-O 6.Nc3 Nc6 7.d4 cxd4 8.Nxd4 Nxd4
9.Qxd4 d6 10.e4 Be6 11.Qd3 Nd7 12.Nd5 Bxd5 13.exd5 {#d} 1/2-1/2

[Event "It"]
[Site "Kiev (Ukraine)"]
[Round "0"]
[White "Gofshtein Zvulon (ISR)"]
[Black "Gazik Igor (SVK)"]
[Result "1/2-1/2"]
[WhiteElo "2415"]
[BlackElo "2328"]

1.Nf3 Nf6 2.c4 g6 3.Nc3 Bg7 4.g3 O-O 5.Bg2 c5 6.O-O Nc6 7.d4 cxd4 8.Nxd4 Nxd4
9.Qxd4 d6 10.Qd3 a6 11.Bd2 Rb8 12.Rac1 Be6 13.b3 {#d} 1/2-1/2

[Event "Ch Cuba"]
[Site "S-Spiritus (Cuba)"]
[Round "0"]
[White "Pina Ulises (CUB)"]
[Black "Gonzalez Juan Carlos (CUB)"]
[Result "1/2-1/2"]
[WhiteElo "2302"]
[BlackElo "2509"]

1.c4 Nf6 2.Nc3 c5 3.g3 g6 4.Bg2 Bg7 5.Nf3 O-O 6.O-O Nc6 7.d4 cxd4 8.Nxd4 Nxd4
9.Qxd4 d6 10.Qd3 Bf5 11.e4 {#d} 1/2-1/2

[Event "It \"]
[Site "Prague (Czech Republic)"]
[Round "7"]
[White "Fabisch Christian (AUT)"]
[Black "Danner Georg (AUT)"]
[Result "1/2-1/2"]
[WhiteElo "2190"]
[BlackElo "2330"]

1.c4 c5 2.Nc3 Nc6 3.g3 g6 4.Bg2 Bg7 5.Nf3 Nf6 6.O-O O-O 7.d4 cxd4 8.Nxd4 Ng4
9.e3 Nge5 10.b3 d6 {#d} 1/2-1/2

[Event "Ch Pan-American"]
[Site "Bariloche (Argentina)"]
[Round "1"]
[White "Watanabe Roberto (BRA)"]
[Black "Vescovi Giovanni (BRA)"]
[Result "1/2-1/2"]
[WhiteElo "2325"]
[BlackElo "2634"]

1.Nf3 c5 2.c4 Nf6 3.Nc3 Nc6 4.g3 g6 5.Bg2 Bg7 6.O-O O-O 7.d4 cxd4 8.Nxd4 Nxd4
9.Qxd4 d6 10.Qd3 Rb8 11.b3 Bd7 12.Bb2 Bc6 13.Rac1 {#d} 1/2-1/2

[Event "It \"]
[Site "Budapest (Hungary)"]
[Round "4"]
[White "Loginov Valery A (RUS)"]
[Black "Horvath Jozsef M (HUN)"]
[Result "1/2-1/2"]
[WhiteElo "2486"]
[BlackElo "2104"]

1.Nf3 Nf6 2.c4 c5 3.Nc3 Nc6 4.g3 g6 5.Bg2 Bg7 6.O-O O-O 7.d4 cxd4 8.Nxd4 Nxd4
9.Qxd4 d6 10.Qd3 a6 11.Bd2 {#d} 1/2-1/2

[Event "It \"]
[Site "Budapest (Hungary)"]
[Round "11"]
[White "Loginov Valery A (RUS)"]
[Black "Khasin Alexander (RUS)"]
[Result "1/2-1/2"]
[WhiteElo "2486"]
[BlackElo "2501"]

1.Nf3 Nf6 2.c4 c5 3.Nc3 Nc6 4.g3 g6 5.Bg2 Bg7 6.O-O O-O 7.d4 cxd4 8.Nxd4 Nxd4
9.Qxd4 d6 10.Qd3 a6 11.Bd2 Rb8 12.Rac1 {#d} 1/2-1/2

[Event "It \"]
[Site "Budapest (Hungary)"]
[Round "7"]
[White "Goldgewicht Lionel (FRA)"]
[Black "Patrat Alexandre (FRA)"]
[Result "1/2-1/2"]
[WhiteElo "2342"]
[BlackElo "2197"]

1.c4 c5 2.Nc3 Nc6 3.g3 g6 4.Bg2 Bg7 5.Nf3 Nf6 6.O-O O-O 7.d4 cxd4 8.Nxd4 Nxd4
9.Qxd4 d6 10.Qd3 Bg4 {#d} 1/2-1/2

[Event "It"]
[Site "Karlsruhe (Germany)"]
[Round "0"]
[White "Bezold Michael (GER)"]
[Black "Teske Henrik (GER)"]
[Result "1/2-1/2"]
[WhiteElo "2355"]
[BlackElo "2395"]

1.Nf3 Nf6 2.g3 g6 3.Bg2 Bg7 4.O-O O-O 5.c4 c5 6.Nc3 Nc6 7.d4 cxd4 8.Nxd4 Ng4
9.e3 Nxd4 10.exd4 Nh6 11.b3 Nf5 12.Ne2 {#d} 1/2-1/2

[Event "It"]
[Site "Karlsruhe (Germany)"]
[Round "0"]
[White "Heinemann Thies (GER)"]
[Black "Bezold Michael (GER)"]
[Result "1/2-1/2"]
[WhiteElo "2469"]
[BlackElo "2355"]

1.Nf3 g6 2.c4 Bg7 3.g3 Nf6 4.Bg2 c5 5.O-O O-O 6.Nc3 Nc6 7.d4 cxd4 8.Nxd4 Ng4
9.e3 Nxd4 10.exd4 Nh6 11.b3 Nf5 12.Ne2 {#d} 1/2-1/2

[Event "Ch Poland (team)"]
[Site "Mikolajki (Poland)"]
[Round "5"]
[White "Schmidt Wlodzimierz (POL)"]
[Black "Gdanski Jacek (POL)"]
[Result "1/2-1/2"]
[WhiteElo "2370"]
[BlackElo "2430"]

1.Nf3 c5 2.c4 Nc6 3.Nc3 Nf6 4.g3 g6 5.Bg2 Bg7 6.O-O O-O 7.d4 cxd4 8.Nxd4 Ng4
9.e3 Nge5 10.b3 d6 11.Bb2 Bg4 12.f3 Bd7 13.Qd2 Re8 14.h3 Nxd4 15.exd4 Nc6
16.d5 Nb4 17.Kh2 a5 {#d} 1/2-1/2

[Event "Ch Rheinhessen (A1)"]
[Site "Rheinhausen (Germany)"]
[Round "0"]
[White "Jahr Ulrich Dr Dr (GER)"]
[Black "Klein Volker (GER)"]
[Result "1/2-1/2"]
[WhiteElo "2145"]
[BlackElo "2219"]

1.c4 c5 2.Nc3 Nc6 3.g3 g6 4.Bg2 Bg7 5.Nf3 Nf6 6.O-O O-O 7.d4 cxd4 8.Nxd4 Nxd4
9.Qxd4 d6 10.Rb1 a6 11.b3 Nd7 12.Qd2 Nc5 13.Bb2 Rb8 14.Rfd1 {#d} 1/2-1/2

[Event "It (cat.4)"]
[Site "Werfen (Austria)"]
[Round "2"]
[White "Varga Zoltan (HUN)"]
[Black "Ciolac Gheorghe (ROM)"]
[Result "1/2-1/2"]
[WhiteElo "2474"]
[BlackElo "2323"]

1.c4 c5 2.Nc3 Nc6 3.Nf3 Nf6 4.g3 g6 5.Bg2 Bg7 6.O-O O-O 7.d4 cxd4 8.Nxd4 Nxd4
9.Qxd4 d6 10.Qd3 a6 11.Rd1 Qa5 {#d} 1/2-1/2

[Event "It (open)"]
[Site "Werfen (Austria)"]
[Round "0"]
[White "Enzendorfer R"]
[Black "Hanel Reinhard (AUT)"]
[Result "1/2-1/2"]
[WhiteElo "2090"]
[BlackElo "2278"]

1.Nf3 c5 2.c4 Nf6 3.g3 Nc6 4.Bg2 g6 5.O-O Bg7 6.Nc3 O-O 7.d4 cxd4 8.Nxd4 Nxd4
9.Qxd4 d6 10.Qd3 a6 11.e4 Be6 12.b3 Nd7 13.Be3 Nc5 14.Qd2 b5 15.cxb5 axb5
16.Bd4 {#d} 1/2-1/2